[Event "Oberliga Ost A 2018 2019"]
[Site "?"]
[Date "2018.11.11"]
[Round "3.2"]
[White "Heinrich, Thomas"]
[Black "Schunk, Thomas"]
[Result "0-1"]
[WhiteElo "2201"]
[BlackElo "2177"]
[PlyCount "88"]
[EventDate "2018.10.21"]
[EventType "team-tourn"]
[EventCountry "GER"]
[WhiteTeam "Leipzig VfB Schach"]
[BlackTeam "Leipzig SG II"]
[WhiteTeamCountry "GER"]
[BlackTeamCountry "GER"]

1. d4 Nf6 2. Nf3 b6 3. Bg5 Bb7 4. Nbd2 d5 5. e3 g6 6. Bxf6 exf6 7. c4 dxc4 8.
Bxc4 Bd6 9. O-O O-O 10. a3 Nd7 11. b4 a5 12. b5 f5 13. Qb3 Nf6 14. Rad1 Qe7 15.
a4 Rad8 16. Rfe1 Ne4 17. Nf1 Bb4 18. N3d2 Qh4 19. g3 Qh3 20. f3 Nd6 21. Bd3
Rfe8 22. Re2 Qh5 23. f4 Re7 24. Rc1 Ne8 25. Rf2 Nf6 26. Be2 Ng4 27. Rc6 Bxc6
28. bxc6 Rde8 29. Nc4 Kg7 30. Ne5 f6 31. Nxg4 fxg4 32. Bd3 Rd8 33. f5 Qg5 34.
Bc4 Rd6 35. Bd5 gxf5 36. Kg2 f4 37. e4 f3+ 38. Kg1 Rxd5 39. exd5 Re1 40. Qd3
Qxd5 41. h3 Bc5 42. Qd2 Re2 43. Rxe2 fxe2 44. Ne3 Qxd4 0-1

[Event "Oberliga Ost A 2018 2019"]
[Site "?"]
[Date "2018.11.11"]
[Round "3.3"]
[White "Schultz, Andreas"]
[Black "Geiling, Christian"]
[Result "1/2-1/2"]
[WhiteElo "2173"]
[BlackElo "2176"]
[PlyCount "120"]
[EventDate "2018.10.21"]
[EventType "team-tourn"]
[EventCountry "GER"]
[WhiteTeam "Leipzig SG II"]
[BlackTeam "Leipzig VfB Schach"]
[WhiteTeamCountry "GER"]
[BlackTeamCountry "GER"]

1. d4 Nf6 2. c4 c5 3. d5 b5 4. cxb5 a6 5. bxa6 Bxa6 6. Nc3 d6 7. e4 Bxf1 8.
Kxf1 g6 9. Nf3 Bg7 10. g3 O-O 11. Kg2 Nbd7 12. a4 Qa5 13. Bd2 Rfb8 14. Nb5 Qd8
15. Re1 Ne8 16. Bc3 Nc7 17. Nxc7 Qxc7 18. Qc2 Qb7 19. Nd2 Qa6 20. b3 Ne5 21.
Bxe5 Bxe5 22. Rad1 Rb4 23. Nc4 Bd4 24. Rd3 Rab8 25. Re2 Qa8 26. Na3 f5 27. f3
fxe4 28. fxe4 Qb7 29. Nb5 Be5 30. Rf3 c4 31. bxc4 Rc8 32. Ref2 Bg7 33. Qd2
Rbxc4 34. Qf4 Qd7 35. Qf7+ Kh8 36. e5 Bxe5 37. Re3 Rc2 38. Rxc2 Rxc2+ 39. Kf3
Rc8 40. g4 Ra8 41. h3 Qd8 42. Re4 Qg8 43. Qxg8+ Kxg8 44. Rc4 Kf7 45. Nc7 Ra5
46. Ke4 h6 47. Ne6 Ra8 48. h4 Bg3 49. h5 gxh5 50. gxh5 Kf6 51. Nd4 Be5 52. Nc6
e6 53. a5 exd5+ 54. Kxd5 Kg5 55. Ra4 Kxh5 56. a6 Bg3 57. a7 Bf2 58. Kxd6 Kg5
59. Kc7 Bxa7 60. Kb7 Rh8 1/2-1/2

[Event "Oberliga Ost A 2018 2019"]
[Site "?"]
[Date "2018.11.11"]
[Round "3.5"]
[White "Limpert, Michael"]
[Black "Collini, Carsten"]
[Result "1/2-1/2"]
[WhiteElo "2161"]
[BlackElo "2138"]
[PlyCount "23"]
[EventDate "2018.10.21"]
[EventType "team-tourn"]
[EventCountry "GER"]
[WhiteTeam "Leipzig SG II"]
[BlackTeam "Leipzig VfB Schach"]
[WhiteTeamCountry "GER"]
[BlackTeamCountry "GER"]

1. e4 Nf6 2. Nc3 d5 3. e5 d4 4. exf6 dxc3 5. fxg7 cxd2+ 6. Bxd2 Bxg7 7. Qf3 Qd6
8. O-O-O Qf6 9. Qxf6 Bxf6 10. Bd3 Be6 11. Ne2 Nd7 12. Bc3 1/2-1/2

[Event "Oberliga Ost A 2018 2019"]
[Site "?"]
[Date "2018.11.11"]
[Round "3.6"]
[White "Just, Wolfgang"]
[Black "Dietze, Frank"]
[Result "1-0"]
[WhiteElo "2094"]
[BlackElo "2108"]
[PlyCount "85"]
[EventDate "2018.10.21"]
[EventType "team-tourn"]
[EventCountry "GER"]
[WhiteTeam "Leipzig VfB Schach"]
[BlackTeam "Leipzig SG II"]
[WhiteTeamCountry "GER"]
[BlackTeamCountry "GER"]

1. e4 c5 2. Nc3 Nc6 3. f4 g6 4. Nf3 Bg7 5. Be2 e6 6. O-O Nge7 7. d3 d5 8. e5 a6
9. a4 O-O 10. b3 f6 11. exf6 Bxf6 12. Qd2 Nf5 13. Rb1 Qa5 14. Na2 Qc7 15. Ba3
b6 16. Bb2 Nfd4 17. Nc3 Qg7 18. Nxd4 Nxd4 19. Bg4 Nf5 20. Nd1 Bxb2 21. Rxb2
Qd4+ 22. Qf2 e5 23. Bxf5 Qxf2+ 24. Rxf2 Bxf5 25. Ne3 exf4 26. Nxd5 g5 27. Nxb6
Rae8 28. Rb1 Bg4 29. Nd5 Rf5 30. Nc3 f3 31. h3 Bh5 32. g4 Bxg4 33. hxg4 Rf4 34.
Kh2 Rxg4 35. Rxf3 Re6 36. Ne4 Kg7 37. Rbf1 Rh6+ 38. Rh3 Re6 39. Rg1 Rxg1 40.
Kxg1 Kg6 41. Kf2 Re5 42. Rf3 g4 43. Rf6+ 1-0

[Event "Oberliga Ost A 2018 2019"]
[Site "?"]
[Date "2018.11.11"]
[Round "3.7"]
[White "Beyer, Till"]
[Black "Mader, Joerg"]
[Result "1-0"]
[WhiteElo "2081"]
[BlackElo "2097"]
[PlyCount "45"]
[EventDate "2018.10.21"]
[EventType "team-tourn"]
[EventCountry "GER"]
[WhiteTeam "Leipzig SG II"]
[BlackTeam "Leipzig VfB Schach"]
[WhiteTeamCountry "GER"]
[BlackTeamCountry "GER"]

1. d4 d5 2. c4 e6 3. Nc3 Nf6 4. cxd5 exd5 5. Bg5 Be7 6. Qc2 O-O 7. e3 c6 8. Bd3
Nbd7 9. Nf3 Re8 10. h3 Ne4 11. Bf4 Ndf6 12. Ne5 Bd6 13. O-O-O Qa5 14. Bxe4 Nxe4
15. Nxe4 Bxe5 16. Ng5 Bxf4 17. Qxh7+ Kf8 18. exf4 Qxa2 19. Qh8+ Ke7 20. Rhe1+
Be6 21. Qxg7 Kd6 22. Qe5+ Kd7 23. f5 1-0

[Event "Oberliga Ost A 2018 2019"]
[Site "?"]
[Date "2018.11.11"]
[Round "3.8"]
[White "Mueller, Giso"]
[Black "Fasshauer, Jacob"]
[Result "1/2-1/2"]
[WhiteElo "2123"]
[BlackElo "2076"]
[PlyCount "50"]
[EventDate "2018.10.21"]
[EventType "team-tourn"]
[EventCountry "GER"]
[WhiteTeam "Leipzig VfB Schach"]
[BlackTeam "Leipzig SG II"]
[WhiteTeamCountry "GER"]
[BlackTeamCountry "GER"]

1. e4 c5 2. d4 cxd4 3. c3 dxc3 4. Nxc3 e6 5. Nf3 Nc6 6. Bc4 a6 7. O-O Be7 8.
Qe2 d6 9. Rd1 Qc7 10. Bf4 Nf6 11. Rac1 O-O 12. Bb3 e5 13. Be3 Bg4 14. h3 Bh5
15. Nd5 Qd8 16. Bb6 Qd7 17. Ba4 Rac8 18. Rc4 Qe6 19. Bb3 Bd8 20. Qe3 Nd7 21.
Bxd8 Rcxd8 22. g4 Bg6 23. Ng5 Qe8 24. Nc7 Qe7 25. Nd5 Qe8 1/2-1/2

[Event "Oberliga Ost A 2018 2019"]
[Site "?"]
[Date "2018.12.15"]
[Round "4.1"]
[White "Pulpan, Jakub"]
[Black "Pietsch, Michael"]
[Result "1-0"]
[WhiteElo "2418"]
[BlackElo "2191"]
[PlyCount "63"]
[EventDate "2018.10.21"]
[EventType "team-tourn"]
[EventCountry "GER"]
[WhiteTeam "Aue ESV Nickelhuette II"]
[BlackTeam "Coswig TuS"]
[WhiteTeamCountry "GER"]
[BlackTeamCountry "GER"]

1. e4 d5 2. exd5 Qxd5 3. Nc3 Qa5 4. d4 c6 5. Bc4 Bf5 6. Bd2 e6 7. Nf3 Nf6 8.
Nd5 Qd8 9. Nxf6+ Qxf6 10. c3 Bd6 11. Qe2 Bg4 12. O-O-O Nd7 13. Kb1 O-O-O 14. h4
Bxf3 15. gxf3 Bf4 16. Be3 Nb6 17. Bd3 h5 18. Qd2 Nd5 19. Be4 Kb8 20. c4 Nxe3
21. fxe3 Bc7 22. f4 Qe7 23. c5 Ka8 24. Qg2 Bb8 25. Rd3 g6 26. b4 Rc8 27. Rb3 a6
28. a4 Qd7 29. b5 axb5 30. axb5 cxb5 31. Ra3+ Ba7 32. Qa2 1-0

[Event "Oberliga Ost A 2018 2019"]
[Site "?"]
[Date "2018.12.15"]
[Round "4.2"]
[White "Hofmann, Rares"]
[Black "Cerveny, Martin"]
[Result "1/2-1/2"]
[WhiteElo "2204"]
[BlackElo "2347"]
[PlyCount "59"]
[EventDate "2018.10.21"]
[EventType "team-tourn"]
[EventCountry "GER"]
[WhiteTeam "Coswig TuS"]
[BlackTeam "Aue ESV Nickelhuette II"]
[WhiteTeamCountry "GER"]
[BlackTeamCountry "GER"]

1. e4 c5 2. Nf3 d6 3. d4 cxd4 4. Nxd4 Nf6 5. Nc3 a6 6. Be3 e5 7. Nb3 Be6 8. f3
Nbd7 9. Qd2 Rc8 10. O-O-O b5 11. g4 Nb6 12. Qf2 Rxc3 13. Bxb6 Rxf3 14. Qxf3
Qxb6 15. h3 h6 16. Be2 Be7 17. Rhg1 Nd7 18. Kb1 a5 19. Qd3 Bc4 20. Qf3 Bg5 21.
Rh1 Bf4 22. Bxc4 bxc4 23. Nd2 Qc6 24. Qc3 Nb6 25. b3 Bxd2 26. Rxd2 Ke7 27. Rhd1
Rd8 28. Qxa5 cxb3 29. axb3 Rd7 30. Qb4 1/2-1/2

[Event "Oberliga Ost A 2018 2019"]
[Site "?"]
[Date "2018.12.15"]
[Round "4.3"]
[White "Jurasek, Miroslav"]
[Black "Escher, Thomas"]
[Result "0-1"]
[WhiteElo "2256"]
[BlackElo "2169"]
[PlyCount "86"]
[EventDate "2018.10.21"]
[EventType "team-tourn"]
[EventCountry "GER"]
[WhiteTeam "Aue ESV Nickelhuette II"]
[BlackTeam "Coswig TuS"]
[WhiteTeamCountry "GER"]
[BlackTeamCountry "GER"]

1. e4 c5 2. Nf3 d6 3. Bb5+ Bd7 4. Bxd7+ Qxd7 5. O-O Nf6 6. Qe2 Nc6 7. c3 g6 8.
d4 Bg7 9. e5 dxe5 10. Nxe5 Nxe5 11. dxe5 Nd5 12. Nd2 O-O 13. Nf3 Rad8 14. Qe4
Qc6 15. Qh4 f6 16. c4 Nb4 17. Bh6 Nd3 18. Bxg7 Kxg7 19. b3 Rd7 20. exf6+ exf6
21. Rad1 Rfd8 22. Rd2 Qe6 23. Qg3 Qf5 24. h3 Nf4 25. Rxd7+ Rxd7 26. Qg4 Ne2+
27. Kh2 Qxg4 28. hxg4 Nd4 29. Kg3 Ne2+ 30. Kh2 b6 31. Re1 Nc3 32. a4 Kf7 33. g5
Re7 34. Rc1 Ne4 35. gxf6 Kxf6 36. Rc2 g5 37. g3 g4 38. Ng1 Rd7 39. Kg2 Rd2 40.
Rxd2 Nxd2 41. Ne2 Nxb3 42. Nc3 Nd2 43. Nd5+ Ke5 0-1

[Event "Oberliga Ost A 2018 2019"]
[Site "?"]
[Date "2018.12.15"]
[Round "4.4"]
[White "Piotraschke, Jens"]
[Black "Schnabel, Ralf"]
[Result "0-1"]
[WhiteElo "2152"]
[BlackElo "2185"]
[PlyCount "128"]
[EventDate "2018.10.21"]
[EventType "team-tourn"]
[EventCountry "GER"]
[WhiteTeam "Coswig TuS"]
[BlackTeam "Aue ESV Nickelhuette II"]
[WhiteTeamCountry "GER"]
[BlackTeamCountry "GER"]

1. d4 Nf6 2. Nf3 g6 3. c4 Bg7 4. g3 c6 5. Bg2 d5 6. O-O O-O 7. cxd5 cxd5 8. Nc3
Ne4 9. Qb3 Nxc3 10. Qxc3 Nc6 11. e3 Bf5 12. Bd2 Be4 13. Qb3 Qb6 14. Qxb6 axb6
15. Bc3 Rfc8 16. Rfd1 e6 17. Ne1 Bxg2 18. Kxg2 Bf8 19. Nd3 f6 20. Kf1 Kf7 21.
Ke2 h5 22. h4 Bd6 23. a3 Rc7 24. Rac1 Rac8 25. Kd2 e5 26. Nb4 Ne7 27. Nd3 Nc6
28. Nb4 Bxb4 29. axb4 exd4 30. exd4 Ne7 31. Kd3 Nf5 32. Re1 Nd6 33. Re2 Ne4 34.
Rec2 g5 35. Be1 Rxc2 36. Rxc2 Rxc2 37. Kxc2 Ke6 38. f3 gxh4 39. gxh4 Nd6 40.
Bg3 Nf5 41. Bf2 Kd6 42. Kb3 Kc6 43. Ka4 Nd6 44. Be3 Nb5 45. Bf2 Nc7 46. Bg1 Ne8
47. Bh2 Ng7 48. Bg3 Nf5 49. Bf2 Ne7 50. Bg3 Ng6 51. Be1 Nf4 52. Bg3 Nd3 53. b5+
Kd7 54. Ka3 Nc1 55. Kb4 Ne2 56. Bf2 Ke6 57. Kb3 Kf5 58. Be3 Nf4 59. Bf2 Ne6 60.
Be3 Nf8 61. Kc3 Ng6 62. Kd3 Nxh4 63. Ke2 Ke6 64. Kd3 Nxf3 0-1

[Event "Oberliga Ost A 2018 2019"]
[Site "?"]
[Date "2018.12.15"]
[Round "4.5"]
[White "Heinz, Thomas"]
[Black "Merker, Matthias"]
[Result "0-1"]
[WhiteElo "2144"]
[BlackElo "2127"]
[PlyCount "80"]
[EventDate "2018.10.21"]
[EventType "team-tourn"]
[EventCountry "GER"]
[WhiteTeam "Aue ESV Nickelhuette II"]
[BlackTeam "Coswig TuS"]
[WhiteTeamCountry "GER"]
[BlackTeamCountry "GER"]

1. e4 Nf6 2. Nc3 d5 3. exd5 Nxd5 4. Bc4 Nb6 5. Bb3 Nc6 6. a4 a5 7. Nf3 Bf5 8.
O-O e6 9. d4 Be7 10. Bf4 O-O 11. h3 Rc8 12. Re1 Bf6 13. Nb5 h6 14. c3 Qe7 15.
Qe2 Rfd8 16. Rad1 Rd7 17. Na3 Re8 18. Nc4 Nd5 19. Bg3 Qd8 20. Nfe5 Nxe5 21.
Nxe5 Bxe5 22. Qxe5 c6 23. Qe2 Qb6 24. Qc4 Nf6 25. Be5 Be4 26. Bxf6 Bd5 27. Qe2
Bxb3 28. Qg4 g6 29. Rd3 Rd5 30. Be5 Kh7 31. Rg3 Qd8 32. Qf4 Rd7 33. h4 f5 34.
Ree3 b5 35. Rxg6 Kxg6 36. g4 Rf8 37. Rg3 Kh7 38. Kf1 Qxh4 39. Qf3 Bd5 40. Qe3
Qh1+ 0-1

[Event "Oberliga Ost A 2018 2019"]
[Site "?"]
[Date "2018.12.15"]
[Round "4.6"]
[White "Poenisch, Eckehard"]
[Black "Rosko, Lubos"]
[Result "1/2-1/2"]
[WhiteElo "2131"]
[BlackElo "2264"]
[PlyCount "71"]
[EventDate "2018.10.21"]
[EventType "team-tourn"]
[EventCountry "GER"]
[WhiteTeam "Coswig TuS"]
[BlackTeam "Aue ESV Nickelhuette II"]
[WhiteTeamCountry "GER"]
[BlackTeamCountry "GER"]

1. d4 Nf6 2. Bf4 c5 3. e3 g6 4. Nf3 Bg7 5. Nbd2 b6 6. c3 Bb7 7. Bd3 d6 8. h3
O-O 9. O-O Nbd7 10. Bh2 Qc7 11. e4 e5 12. Re1 Rfe8 13. dxe5 Nxe5 14. Nxe5 dxe5
15. Qc2 Nh5 16. Bf1 Bh6 17. Rad1 Bf4 18. Bxf4 exf4 19. f3 Re6 20. Bc4 Re5 21.
Nf1 a6 22. Qd2 b5 23. Qd7 Re7 24. Qxc7 Rxc7 25. Bd5 Bxd5 26. Rxd5 Nf6 27. Rd6
Ne8 28. Rd2 Kf8 29. g3 fxg3 30. Kg2 Ng7 31. Kxg3 Nh5+ 32. Kg4 Re7 33. Red1 h6
34. h4 Kg7 35. Ng3 Nf6+ 36. Kf4 1/2-1/2

[Event "Oberliga Ost A 2018 2019"]
[Site "?"]
[Date "2018.12.15"]
[Round "4.7"]
[White "Heinz, Juergen"]
[Black "Kunath, Tim"]
[Result "1/2-1/2"]
[WhiteElo "2228"]
[BlackElo "2084"]
[PlyCount "64"]
[EventDate "2018.10.21"]
[EventType "team-tourn"]
[EventCountry "GER"]
[WhiteTeam "Aue ESV Nickelhuette II"]
[BlackTeam "Coswig TuS"]
[WhiteTeamCountry "GER"]
[BlackTeamCountry "GER"]

1. d4 Nf6 2. Bg5 d5 3. Bxf6 exf6 4. e3 Bd6 5. Nd2 O-O 6. Bd3 c6 7. c3 f5 8. Qc2
g6 9. h4 Nd7 10. h5 Nf6 11. hxg6 hxg6 12. O-O-O Kg7 13. Nh3 Rh8 14. Rde1 Bd7
15. Kb1 b5 16. f3 Rh5 17. f4 Qc7 18. Nf3 Rh6 19. Ne5 Rah8 20. Rhf1 Ne4 21. Nxd7
Qxd7 22. Bxe4 fxe4 23. Qd1 f6 24. Nf2 Rh2 25. Rg1 a5 26. Ref1 Qc8 27. Nh3 Rh4
28. Nf2 Rh7 29. Qe2 R7h5 30. Qd1 Rh7 31. Ng4 R2h4 32. Nf2 Rh2 1/2-1/2

[Event "Oberliga Ost A 2018 2019"]
[Site "?"]
[Date "2018.12.15"]
[Round "4.8"]
[White "Kieslich, Aaron"]
[Black "Roskova, Katerina"]
[Result "1/2-1/2"]
[WhiteElo "2058"]
[BlackElo "1956"]
[PlyCount "153"]
[EventDate "2018.10.21"]
[EventType "team-tourn"]
[EventCountry "GER"]
[WhiteTeam "Coswig TuS"]
[BlackTeam "Aue ESV Nickelhuette II"]
[WhiteTeamCountry "GER"]
[BlackTeamCountry "GER"]

1. d4 Nf6 2. c4 g6 3. Nc3 d5 4. Nf3 Bg7 5. Bf4 O-O 6. Rc1 c5 7. dxc5 dxc4 8.
Qa4 Be6 9. e3 Na6 10. c6 Qb6 11. Bxc4 Nc5 12. Qb5 bxc6 13. Qxb6 axb6 14. Be2
Nd5 15. Nxd5 Bxd5 16. Bc7 Bxb2 17. Rc2 Rxa2 18. O-O Bb3 19. Bc4 Bxc2 20. Bxa2
Nd7 21. Bb1 Ba4 22. Be4 Nf6 23. Bd3 b5 24. Rb1 Ba3 25. Nd4 Rc8 26. Ba5 e5 27.
Nc2 Bd6 28. f3 Nd5 29. Kf2 Bc5 30. Bd2 Nf4 31. Ne1 Rd8 32. Rc1 Nxd3+ 33. Nxd3
Rxd3 34. Ke2 Ba3 35. Kxd3 Bxc1 36. Bxc1 f6 37. Ba3 Kf7 38. g3 Bd1 39. f4 Ke6
40. e4 Bf3 41. h4 h5 42. Ke3 Bg2 43. fxe5 Kxe5 44. Bb2+ Ke6 45. Ba3 Kd7 46. Kd4
Kc7 47. Kc5 Bxe4 48. Bb2 f5 49. Bc1 Kb7 50. Bg5 Ka6 51. Bd8 Bd5 52. Kb4 Kb7 53.
Kc5 Kc8 54. Bg5 Kd7 55. Bf4 Ke6 56. Kb4 Be4 57. Kc5 Bf3 58. Bc7 Be2 59. Bf4 Bf1
60. Bc7 b4 61. Kxb4 Kd5 62. Bb6 Ke4 63. Kc5 Kf3 64. Bc7 Bb5 65. Bf4 Kg4 66. Kd6
Ba4 67. Ke5 c5 68. Kf6 Be8 69. Ke7 Ba4 70. Kf6 Be8 71. Ke7 Bc6 72. Kf6 g5 73.
Bxg5 Kxg3 74. Kxf5 Kf3 75. Ke5 Bb7 76. Be7 c4 77. Kd4 1/2-1/2

[Event "Oberliga Ost A 2018 2019"]
[Site "?"]
[Date "2018.12.15"]
[Round "4.1"]
[White "Zwahr, Paul"]
[Black "Heistermann, Till"]
[Result "1-0"]
[WhiteElo "2253"]
[BlackElo "2192"]
[PlyCount "105"]
[EventDate "2018.10.21"]
[EventType "team-tourn"]
[EventCountry "GER"]
[WhiteTeam "Dresden SG Gruen Weiss"]
[BlackTeam "Leipzig SG"]
[WhiteTeamCountry "GER"]
[BlackTeamCountry "GER"]

1. e4 c5 2. Nf3 e6 3. d4 cxd4 4. Nxd4 a6 5. Bd3 Qc7 6. O-O Nf6 7. Qe2 d6 8. f4
Nbd7 9. c4 b6 10. b3 Bb7 11. Nc3 Be7 12. Bb2 O-O 13. Kh1 Rac8 14. Rae1 g6 15.
Bb1 Qb8 16. Qe3 e5 17. Nf3 Ng4 18. Qd2 exf4 19. Qxf4 Nge5 20. Qh6 f6 21. Qd2
Rf7 22. Nd4 Nf8 23. Nc2 Bc6 24. Nb4 Bb7 25. Rf2 Nfd7 26. Ref1 Bf8 27. h3 Bg7
28. Qe3 Qc7 29. Nbd5 Qd8 30. Qg3 Bc6 31. Rd1 Bf8 32. Nf4 Qe8 33. a3 Kh8 34. Ba2
Bb7 35. Nfd5 Bg7 36. Qe3 Qd8 37. Na4 Bxd5 38. Rxd5 Qc7 39. Rf1 Rb8 40. Qe2 Re8
41. Rd2 Bh6 42. Rdd1 Nc6 43. b4 Rff8 44. Qd3 Nce5 45. Qxd6 Rc8 46. Qxc7 Rxc7
47. Rd6 Bg7 48. Nxb6 Nxb6 49. Rxb6 Nxc4 50. Bxc4 Rxc4 51. Rxa6 Rxe4 52. Bxf6
Kg8 53. Rf3 1-0

[Event "Oberliga Ost A 2018 2019"]
[Site "?"]
[Date "2018.12.15"]
[Round "4.2"]
[White "Pietzsch, Manuel"]
[Black "Rudolf, Sebastian"]
[Result "0-1"]
[WhiteElo "2167"]
[BlackElo "2284"]
[PlyCount "72"]
[EventDate "2018.10.21"]
[EventType "team-tourn"]
[EventCountry "GER"]
[WhiteTeam "Leipzig SG"]
[BlackTeam "Dresden SG Gruen Weiss"]
[WhiteTeamCountry "GER"]
[BlackTeamCountry "GER"]

1. e4 c6 2. Nc3 d5 3. Nf3 Bg4 4. h3 Bxf3 5. Qxf3 e6 6. d3 Nf6 7. a3 Nbd7 8. g3
Be7 9. Bg2 O-O 10. O-O dxe4 11. dxe4 Qc7 12. Qe2 Rad8 13. Rd1 Nb6 14. Be3 Rxd1+
15. Rxd1 Rd8 16. Rxd8+ Qxd8 17. Bf1 Nfd7 18. Qd1 Qc7 19. Be2 h6 20. Kg2 Bf6 21.
f4 Bxc3 22. bxc3 e5 23. Qb1 Nf8 24. f5 Nh7 25. h4 Nf6 26. Kf3 Nc8 27. g4 Nd6
28. Bd3 c5 29. g5 hxg5 30. hxg5 Nd7 31. c4 Qc6 32. g6 Nxf5 33. gxf7+ Kxf7 34.
Bg5 Nd4+ 35. Kg4 Qe6+ 36. Kh4 Nf3+ 0-1

[Event "Oberliga Ost A 2018 2019"]
[Site "?"]
[Date "2018.12.15"]
[Round "4.3"]
[White "Siedentopf, Daniel"]
[Black "Nguyen, Alex Dac Vuong"]
[Result "1-0"]
[WhiteElo "2292"]
[BlackElo "2201"]
[PlyCount "59"]
[EventDate "2018.10.21"]
[EventType "team-tourn"]
[EventCountry "GER"]
[WhiteTeam "Dresden SG Gruen Weiss"]
[BlackTeam "Leipzig SG"]
[WhiteTeamCountry "GER"]
[BlackTeamCountry "GER"]

1. d4 Nf6 2. Nf3 c5 3. d5 e6 4. c4 b5 5. dxe6 fxe6 6. cxb5 d5 7. Nc3 Nbd7 8. e4
d4 9. Na4 Nxe4 10. Bd3 Bb7 11. O-O Be7 12. Re1 Ndf6 13. Qb3 Bd5 14. Qc2 c4 15.
Bxe4 Nxe4 16. Nxd4 O-O 17. Nxe6 Qa5 18. Be3 Rf6 19. Nf4 Qxb5 20. Nxd5 Qxd5 21.
Rad1 Qc6 22. Rd4 Nd6 23. Rg4 Re6 24. Rc1 Bf6 25. Nc3 Rae8 26. h3 Nf7 27. Qa4
Qb7 28. Rxc4 Rxe3 29. fxe3 Qxb2 30. Qxe8# 1-0

[Event "Oberliga Ost A 2018 2019"]
[Site "?"]
[Date "2018.12.15"]
[Round "4.4"]
[White "Roesemann, Rainer"]
[Black "Zimmermann, Rene"]
[Result "1/2-1/2"]
[WhiteElo "2241"]
[BlackElo "2215"]
[PlyCount "118"]
[EventDate "2018.10.21"]
[EventType "team-tourn"]
[EventCountry "GER"]
[WhiteTeam "Leipzig SG"]
[BlackTeam "Dresden SG Gruen Weiss"]
[WhiteTeamCountry "GER"]
[BlackTeamCountry "GER"]

1. c4 e6 2. g3 d5 3. Bg2 Nf6 4. Nf3 Be7 5. O-O O-O 6. b3 c5 7. Bb2 Nc6 8. cxd5
Nxd5 9. Nc3 Bf6 10. Qc1 b6 11. Nxd5 exd5 12. d4 Nxd4 13. Nxd4 cxd4 14. Qf4 Ba6
15. Rfe1 Re8 16. Bf3 Be5 17. Qd2 Qf6 18. Kg2 Rad8 19. Rad1 d3 20. Bxe5 Rxe5 21.
exd3 Rxe1 22. Rxe1 Qd4 23. Qg5 f6 24. Qf5 Bc8 25. Qh5 g6 26. Qh6 Qc5 27. Qf4
Bf5 28. g4 Bxd3 29. Qxf6 Qf8 30. Qxf8+ Kxf8 31. Rd1 Bc2 32. Rxd5 Rxd5 33. Bxd5
Ke7 34. f4 a5 35. a4 Kd6 36. Bg8 h6 37. h4 Bd3 38. Kf3 b5 39. Ke3 Bf1 40. axb5
Bxb5 41. Bf7 Bd7 42. g5 hxg5 43. hxg5 Bf5 44. Kd4 Bc2 45. Kc3 Be4 46. Bc4 Kc5
47. Bd3 Kd5 48. Bc4+ Kc5 49. Be2 Kd6 50. Kd4 Bc2 51. Kc4 a4 52. b4 a3 53. Kc3
a2 54. Kb2 Kd5 55. b5 Bb1 56. Bc4+ Kxc4 57. b6 Be4 58. f5 Kc5 59. fxg6 Kxb6
1/2-1/2

[Event "Oberliga Ost A 2018 2019"]
[Site "?"]
[Date "2018.12.15"]
[Round "4.5"]
[White "Gehmlich, Marcel"]
[Black "Weitzer, Steffen"]
[Result "1-0"]
[WhiteElo "2177"]
[BlackElo "2276"]
[PlyCount "63"]
[EventDate "2018.10.21"]
[EventType "team-tourn"]
[EventCountry "GER"]
[WhiteTeam "Dresden SG Gruen Weiss"]
[BlackTeam "Leipzig SG"]
[WhiteTeamCountry "GER"]
[BlackTeamCountry "GER"]

1. Nf3 d5 2. d4 c6 3. c3 Bf5 4. Bf4 Qb6 5. Qb3 h6 6. Nbd2 Nd7 7. e3 g5 8. Bg3
Ngf6 9. Be2 Nh5 10. Be5 Nxe5 11. Nxe5 Nf6 12. g4 Be6 13. h4 Bg7 14. f4 gxf4 15.
exf4 h5 16. f5 Bc8 17. g5 Nd7 18. Qxb6 axb6 19. Nd3 c5 20. dxc5 Nxc5 21. Nf4
Bxf5 22. Nxd5 Rd8 23. Nf4 Be5 24. Rf1 e6 25. O-O-O Bg4 26. Bb5+ Ke7 27. Rde1
Bxf4 28. Rxf4 Nd3+ 29. Bxd3 Rxd3 30. Nc4 Rh3 31. Ne5 Rh7 32. Rb4 1-0

[Event "Oberliga Ost A 2018 2019"]
[Site "?"]
[Date "2018.12.15"]
[Round "4.6"]
[White "Hoffmann, Hendrik"]
[Black "Schnoor, Ekkehard"]
[Result "1-0"]
[WhiteElo "2258"]
[BlackElo "2167"]
[PlyCount "57"]
[EventDate "2018.10.21"]
[EventType "team-tourn"]
[EventCountry "GER"]
[WhiteTeam "Leipzig SG"]
[BlackTeam "Dresden SG Gruen Weiss"]
[WhiteTeamCountry "GER"]
[BlackTeamCountry "GER"]

1. e4 c5 2. Nf3 d6 3. d4 cxd4 4. Nxd4 Nf6 5. Nc3 a6 6. Bg5 e6 7. f4 Qc7 8. Qf3
Nbd7 9. O-O-O Be7 10. g4 b5 11. Bxf6 Nxf6 12. g5 Nd7 13. f5 Bxg5+ 14. Kb1 Ne5
15. Qh5 Qe7 16. fxe6 g6 17. exf7+ Kxf7 18. Qe2 Bg4 19. Qf2+ Qf6 20. Qxf6+ Bxf6
21. Be2 Be6 22. Rhf1 Rhf8 23. Nxe6 Kxe6 24. Nd5 Ra7 25. Nxf6 Rxf6 26. Rxd6+
Kxd6 27. Rxf6+ Kc5 28. c3 Rf7 29. b4# 1-0

[Event "Oberliga Ost A 2018 2019"]
[Site "?"]
[Date "2018.12.15"]
[Round "4.7"]
[White "Nake, Matthias"]
[Black "Rausch, Stephan"]
[Result "0-1"]
[WhiteElo "2178"]
[BlackElo "2241"]
[PlyCount "108"]
[EventDate "2018.10.21"]
[EventType "team-tourn"]
[EventCountry "GER"]
[WhiteTeam "Dresden SG Gruen Weiss"]
[BlackTeam "Leipzig SG"]
[WhiteTeamCountry "GER"]
[BlackTeamCountry "GER"]

1. e4 e6 2. d4 d5 3. Nd2 Nf6 4. e5 Nfd7 5. Bd3 c5 6. c3 Nc6 7. Ne2 cxd4 8. cxd4
Qb6 9. Nf3 f6 10. exf6 Nxf6 11. O-O Bd6 12. Nc3 O-O 13. Be3 Bd7 14. Na4 Qc7 15.
Rc1 Rae8 16. Nc5 Bc8 17. b4 Qb8 18. b5 Nd8 19. Bb1 Nf7 20. h3 b6 21. Nd3 Ne4
22. Qb3 Bb7 23. Nb4 Bxb4 24. Qxb4 Qd6 25. Qxd6 Nfxd6 26. Rc7 Rc8 27. Rfc1 Rxc7
28. Rxc7 Rf7 29. Rxf7 Kxf7 30. Ne5+ Kg8 31. Bxe4 Nxe4 32. a4 Nc3 33. Nc6 a5 34.
Kf1 Nxa4 35. Na7 Nb2 36. Bc1 Nc4 37. Ke2 Kf7 38. Kd3 Ke8 39. Bf4 Kd7 40. g4 Nd6
41. Kc2 g6 42. f3 Nf7 43. Kd3 h6 44. Ke3 g5 45. Bg3 Nh8 46. Be5 a4 47. Kd2 Ng6
48. Bg3 e5 49. dxe5 d4 50. Kd3 a3 51. Bf2 Nxe5+ 52. Ke2 d3+ 53. Kd1 Nc4 54. Nc6
Nb2+ 0-1

[Event "Oberliga Ost A 2018 2019"]
[Site "?"]
[Date "2018.12.15"]
[Round "4.8"]
[White "Haufe, Laurin"]
[Black "Kunze, Christopher"]
[Result "1-0"]
[WhiteElo "1966"]
[BlackElo "2136"]
[PlyCount "69"]
[EventDate "2018.10.21"]
[EventType "team-tourn"]
[EventCountry "GER"]
[WhiteTeam "Leipzig SG"]
[BlackTeam "Dresden SG Gruen Weiss"]
[WhiteTeamCountry "GER"]
[BlackTeamCountry "GER"]

1. e4 c5 2. Nf3 Nc6 3. c3 Nf6 4. e5 Nd5 5. d4 cxd4 6. cxd4 e6 7. Bc4 d6 8. O-O
Be7 9. Bd2 O-O 10. a3 Qb6 11. Nc3 Nxc3 12. Bxc3 Rd8 13. Qe2 a5 14. Bd3 dxe5 15.
dxe5 Bd7 16. Rad1 Na7 17. Bd4 Qb3 18. Bxa7 Rxa7 19. Qe3 Ba4 20. Qxa7 Rxd3 21.
Qb8+ Bf8 22. Rxd3 Qxd3 23. Qxb7 h6 24. Qb6 Bb5 25. Re1 a4 26. Qd4 Qf5 27. Rc1
Be7 28. Qa7 Bf8 29. Qe3 Qg4 30. h3 Qg6 31. Rc8 Ba6 32. Rb8 Qb1+ 33. Kh2 Qc2 34.
Qc3 Qxf2 35. Qb4 1-0